000 00675nam a2200217 a 4500
001 46093
003 BD-RjUL
005 20211209054116.0
008 160730s1957 enka b 001 0 eng d
035 _a(BD-RjUL)46211
040 _aBD-RjUL
_beng
_cBD-RjUL
_dBD-RjUL
041 _aeng
082 _223
_bKEG 1957
_a374.80924
100 1 0 _aKelly, Thomas,
_d1909-
_9140919
245 1 0 _aGeorge Birkbeck :
_bpioneer of adult education /
_cby Thomas Kelly
260 _aLiverpool :
_bLiverpool University Press,
_c1957.
300 _axi, 380 p. :
_bill. ;
_c24 cm.
504 _aIncludes bibliography and index.
600 1 0 _aBirkbeck, George,
_d1776-1841
_9140920
942 _2ddc
_cBK
999 _c46093
_d46093